La evaluación de la fauna silvestre y su conservación en bosques de producción de Bolivia / (Registro nro. 653)

Detalles MARC
000 -CABECERA
Campo de control 00876nam a2200229 a 4500
005 - FECHA Y HORA DE LA ULTIMA TRANSACCION
Campo de control 20160816123603.0
008 - ELEMENTOS DE LONGITUD FIJA—INFORMACION GENERAL
Campo de control 140221t1998 bo a||||r|||| 00| 0 spa d
040 ## - FUENTE DE CATALOGACIÓN
Agencia catalogadora original CO-BoIAVH
Agencia transcriptora CO-BoIAVH
041 0# - IDIOMA
Código de idioma para texto/pista de sonido o título separado Español
044 ## - PAÍS DE PUBLICACIÓN
País de publicación Bolivia
082 04 - NUMERO DE CLASIFICACION DECIMAL DEWEY
Número de clasificación 333.95416
Número del ítem R86e
100 1# - ASIENTO PRINCIPAL--NOMBRE PERSONAL
Nombre personal Rumiz, Damián
Término relacionado autor
9 (RLIN) 8593
245 13 - MENCION DE TITULO
Título La evaluación de la fauna silvestre y su conservación en bosques de producción de Bolivia /
Mención de responsabilidad Damián Rumiz y José Carlos Herrera
260 ## - PUBLICACION, DISTRIBUCION, ETC. (PIE DE IMPRENTA)
Lugar de publicación, distribución, etc. Santa Cruz :
Nombre del editor, distribuidor, etc. BOLFOR,
Fecha de publicación, distribución, etc. 1998.
300 ## - DESCRIPCION FISICA
Extensión 72 páginas :
Otros detalles físicos ilustraciones ;
Dimensiones 21 x 15 cm.
650 26 - ASIENTO SECUNDARIO DE MATERIA - TERMINO TEMATICO
Término temático o nombre geográfico como elemento de entrada Fauna
Subdivisión general conservación
Subdivisión geográfica Bolivia
9 (RLIN) 74372
650 26 - ASIENTO SECUNDARIO DE MATERIA - TERMINO TEMATICO
Término temático o nombre geográfico como elemento de entrada Conservación de biodiversidad
Subdivisión geográfica Bolivia
9 (RLIN) 74373
650 26 - ASIENTO SECUNDARIO DE MATERIA - TERMINO TEMATICO
Término temático o nombre geográfico como elemento de entrada Ecosistemas forestales
Subdivisión general conservación
Subdivisión geográfica Bolivia
9 (RLIN) 74374
650 26 - ASIENTO SECUNDARIO DE MATERIA - TERMINO TEMATICO
Término temático o nombre geográfico como elemento de entrada Recursos forestales
Subdivisión general conservación
Subdivisión geográfica Bolivia
9 (RLIN) 74375
700 1# - ASIENTO SECUNDARIO - NOMBRE PERSONAL
Nombre personal Herrera, José Carlos
Término de relación autor
9 (RLIN) 8597
942 ## - ELEMENTOS ADICIONALES (KOHA)
Tipo de ítem Informe Técnico
Sistema de clasificación Dewey Decimal Classification
Existencias
Withdrawn status Lost status Sistema de Clasificación Damaged status No para préstamo Colección Inventariado Ubicación Permanente Ubicación actual Fecha de adquisición Fuente de Valor Valor Total Checkouts Número topográfico Inventario / Código de Barras Date last seen Ejemplar Price effective from Forma de adquisición Tipo de material
    Dewey Decimal Classification     General Inventariado 2017 Bogotá Bogotá 07/01/2000 Herrera Flores, José Carlos 39000.00   LB-333.95416 R86e 000923 04/12/2012 Ej. 1 04/12/2012 Donación Libro